|
|
|
|
| LEADER |
01564nam a2200349 a 4500 |
| 001 |
mzk03001080521 |
| 003 |
CZ BrMZK |
| 005 |
20100504112113.0 |
| 007 |
ta |
| 008 |
050922s1784 au f fr|||||00| ||gerod |
| 040 |
|
|
|a BOA001
|b cze
|
| 072 |
|
7 |
|a 094
|x Staré tisky
|2 Konspekt
|9 12
|
| 080 |
|
|
|a (0.068)094
|2 MRF
|
| 100 |
1 |
|
|a Steidele, Raphael Johann,
|d 1737-1823
|7 nlk20020106456
|4 aut
|
| 245 |
1 |
0 |
|a [Lehrbuch von der Hebammenkunst :
|b mit Kupfern versehen /
|c Raphael Johann Steidele, öffentlichen Lehrers der praktischen Chirurgie und Geburtshilfe im allgemeinen Krankenhaus]
|
| 250 |
|
|
|a Dritte verbesserte und vermehrte Auflage
|
| 260 |
|
|
|a [Wjen :
|b gedruckt bey Joh. Thomas Edlen v. Trattnern, k. k. Hofbuchdruckern und Buchhändlern,
|c 1784]
|
| 300 |
|
|
|a [32], 507, [2] s., XXVII příl. ;
|c 8°
|
| 500 |
|
|
|a Na konci před přílohy vevázány volné listy na poznámky
|
| 500 |
|
|
|a Výzdoba: Nad impresem mědiryt, ozdobná klišé, ozdobné linky, vlysy, vinětky, mědirytinové přílohy
|
| 563 |
|
|
|a Polokožená vazba, poškozená, odlepená kůže, potrhaný a chybějící papír
|
| 590 |
|
|
|a Chybí titulní list, slepené listy, chybí příloha číslo XXVII
|
| 655 |
|
7 |
|a staré tisky
|7 fd422076
|2 czenas
|
| 903 |
|
|
|a RP
|
| 910 |
|
|
|a BOA001
|b ST2-1242.579
|
| 978 |
|
|
|b Trattner, Johann Thomas von
|a Wien
|c 1784
|
| 984 |
|
|
|a Vídeň
|b Rakousko
|
| 985 |
|
|
|a 1751-1800
|
| 990 |
|
|
|a BK
|
| 993 |
|
|
|a Y
|
| 991 |
|
|
|k mzk
|
| 996 |
6 |
|
|b 2610431122
|c ST2-1242.579
|l stud. ST
|r Sklad / do násl. otevíracího dne
|n 0
|w 001120894
|u 000010
|a 1
|e BOA001
|s P
|